[Event "Tournoi Skype 023B"]
[Site "Skype"]
[Date "????.??.??"]
[Round "7.8"]
[White "Malbec, Robert"]
[Black "Battaglia, Gabriele"]
[Result "1-0"]
[WhiteElo "1401"]
[BlackElo "1283"]
[PlyCount "87"]

1. e4 c5 2. Nf3 g6 3. d4 cxd4 4. Qxd4 Nf6 5. e5 Nh5 6. Be2 Nc6 7. Qc4 Ng7 8.
Bf4 Ne6 9. Ng5 Bg7 10. Nxe6 dxe6 11. Qe4 Qa5+ 12. Nc3 Nxe5 13. Bb5+ Bd7 14.
Bxd7+ Nxd7 15. Qxb7 Bxc3+ 16. Ke2 Qh5+ 17. f3 O-O 18. Qxd7 Bf6 19. h3 Qf5 20.
Be3 Qxc2+ 21. Qd2 Rfc8 22. Rac1 Qxd2+ 23. Bxd2 Bxb2 24. Rxc8+ Rxc8 25. Rb1 Rc2
26. Kd1 Rc6 27. Rxb2 f5 28. Rb8+ Kf7 29. Rb7 a6 30. Ke2 Rc8 31. Rb6 Ra8 32. a4
Ra7 33. a5 Ra8 34. Bb4 Ra7 35. Bc5 Rc7 36. Bb4 Ra7 37. Rc6 Ra8 38. Rc7 Rb8 39.
Rxe7+ Kf6 40. Ba3 Rb5 41. Rxh7 Rxa5 42. Be7+ Ke5 43. Rh6 Ra2+ 44. Kf1 1-0

[Event "Tournoi Skype 023B"]
[Site "Skype"]
[Date "????.??.??"]
[Round "7.9"]
[White "Franca, Diego"]
[Black "Morelli, Daniel"]
[Result "1-0"]
[WhiteElo "1291"]
[BlackElo "1394"]
[PlyCount "73"]

1. d4 e5 2. e4 exd4 3. Qxd4 Nc6 4. Qd1 Bc5 5. Bb5 a6 6. Bxc6 bxc6 7. Nf3 Nf6 8.
Bg5 O-O 9. Nc3 Be7 10. Bxf6 Bxf6 11. O-O Rb8 12. Rb1 d6 13. Re1 Bg4 14. h3 Be6
15. Qd3 a5 16. Qa6 Rb6 17. Qxa5 Qa8 18. Qxa8 Rxa8 19. a3 h6 20. e5 Be7 21. exd6
Bxd6 22. a4 Bb4 23. Nd4 Bxc3 24. bxc3 Rxa4 25. Ra1 Rc4 26. Nxe6 fxe6 27. Rxe6
Rb8 28. Re3 Rb2 29. Ra8+ Kh7 30. Ra7 Rb1+ 31. Kh2 Rc1 32. Rxc7 Rxc2 33. Rg3 Kg8
34. Rgxg7+ Kf8 35. Rcf7+ Ke8 36. Rh7 Re4 37. Ra7 1-0

[Event "Tournoi Skype 023B"]
[Site "Skype"]
[Date "????.??.??"]
[Round "7.10"]
[White "Baker, Abi"]
[Black "Vincent, Andre"]
[Result "0-1"]
[WhiteElo "1110"]
[BlackElo "1372"]
[PlyCount "48"]

1. c4 d5 2. cxd5 Qxd5 3. Nc3 Qd8 4. e4 e5 5. Nf3 Bd6 6. Bc4 Nf6 7. Qb3 O-O 8.
d4 exd4 9. Nxd4 Qe7 10. Bg5 h6 11. h4 hxg5 12. O-O-O Bf4+ 13. Kb1 g4 14. Rde1
Be5 15. Nf5 Qc5 16. h5 Qxf2 17. Ne7+ Kh7 18. h6 Nc6 19. hxg7+ Kxg7 20. Nf5+
Bxf5 21. exf5 Qxf5+ 22. Kc1 Bf4+ 23. Kd1 Rad8+ 24. Bd5 Qd3# 0-1

[Event "Tournoi Skype 023B"]
[Site "Skype"]
[Date "????.??.??"]
[Round "7.11"]
[White "Amato, Ludovica"]
[Black "Couto, Januario"]
[Result "1/2-1/2"]
[WhiteElo "1230"]
[BlackElo "1482"]
[PlyCount "32"]

1. e4 d5 2. exd5 Qxd5 3. Nc3 Qd6 4. Nf3 a6 5. d4 Nf6 6. h3 Bf5 7. Bc4 e6 8. Nh4
Bg6 9. Nxg6 hxg6 10. Ne2 Nbd7 11. Bf4 Qb4+ 12. c3 Qxc4 13. Qc2 Bd6 14. Bg3
O-O-O 15. O-O Qd5 16. c4 Qe4 1/2-1/2

[Event "Tournoi Skype 023B"]
[Site "Skype"]
[Date "????.??.??"]
[Round "7.13"]
[White "Borg, Anthony"]
[Black "Bustos, Ricardo"]
[Result "1/2-1/2"]
[WhiteElo "1390"]
[BlackElo "1241"]
[PlyCount "92"]

1. d4 Nf6 2. Nc3 e6 3. e4 d6 4. d5 exd5 5. exd5 Be7 6. Bc4 O-O 7. Nf3 Bg4 8. h3
Bh5 9. O-O Nbd7 10. Re1 Ne5 11. Be2 Nxf3+ 12. Bxf3 Bxf3 13. Qxf3 Re8 14. b3 c6
15. dxc6 bxc6 16. Qxc6 Rc8 17. Qf3 Qa5 18. Bb2 Bf8 19. Red1 Qh5 20. g4 Qg6 21.
Rac1 Ne4 22. Nxe4 Qxe4 23. Qxe4 Rxe4 24. Kg2 Re2 25. Bd4 Rcxc2 26. Rxc2 Rxc2
27. Bxa7 Rxa2 28. Bd4 Ra6 29. b4 Ra8 30. b5 Rb8 31. b6 Rb7 32. f4 Be7 33. f5 f6
34. Ra1 Kf7 35. Ra7 Rb8 36. b7 g6 37. fxg6+ Kxg6 38. Bb6 Bd8 39. Bd4 Kf7 40.
Kf3 Ke6 41. Ke4 d5+ 42. Kd3 Kd6 43. Kc3 Kc6 44. Ra8 Kxb7 45. Ra7+ Kc6 46. Rxh7
Rb7 1/2-1/2

[Event "Tournoi Skype 023B"]
[Site "Skype"]
[Date "????.??.??"]
[Round "7.14"]
[White "Silva, Givson"]
[Black "Gonzalez, Ivan"]
[Result "1-0"]
[WhiteElo "1365"]
[BlackElo "1000"]
[PlyCount "105"]

1. e4 c5 2. Nf3 d6 3. d4 cxd4 4. Nxd4 Nf6 5. Nc3 g6 6. Bc4 e6 7. Be3 Bg7 8. O-O
O-O 9. f4 Bd7 10. e5 d5 11. Be2 Ne4 12. Bf3 Nxc3 13. bxc3 Re8 14. c4 Bf8 15.
Qd2 Bc8 16. Bf2 Nc6 17. Nxc6 bxc6 18. c5 Rb8 19. Rab1 Bd7 20. a4 Qc8 21. Be2
Qd8 22. a5 Bh6 23. Be3 Qe7 24. a6 f6 25. Rb7 f5 26. Rfb1 Rxb7 27. Rxb7 Rd8 28.
Rxa7 Rb8 29. Rb7 Rxb7 30. axb7 Qd8 31. Qb4 Qb8 32. Ba6 Bf8 33. Qb6 Be7 34. Be2
Bd8 35. Qa6 h5 36. Qa8 Bc7 37. Qxb8+ Bxb8 38. Ba6 g5 39. fxg5 Bxe5 40. c3 Bb8
41. h4 e5 42. g3 f4 43. gxf4 exf4 44. Bf2 Bf5 45. Be1 Kf7 46. Kf2 Ba7 47. Kf3
Bb8 48. Bd2 Bg4+ 49. Kf2 Ke6 50. Be2 Bxe2 51. Kxe2 Kd7 52. Kf3 Ke8 53. Bxf4 1-0

[Event "Tournoi Skype 023B"]
[Site "Skype"]
[Date "????.??.??"]
[Round "7.15"]
[White "De Nobrega, George"]
[Black "Moumtaz, Abderrahim"]
[Result "1/2-1/2"]
[WhiteElo "1323"]
[BlackElo "1280"]
[PlyCount "107"]

1. e4 e5 2. Nf3 Nc6 3. d4 exd4 4. Nxd4 Nf6 5. Nxc6 dxc6 6. Qxd8+ Kxd8 7. e5 Ng4
8. Bf4 Bc5 9. Bg3 Re8 10. f4 Ne3 11. Bd3 Nxg2+ 12. Kd2 Be3+ 13. Kd1 Bxf4 14.
Bxf4 Nxf4 15. Bxh7 Rxe5 16. Rf1 g5 17. Nc3 Bf5 18. Bxf5 Rxf5 19. Kd2 Ke7 20.
Rae1+ Kf6 21. Ne4+ Kg6 22. Ng3 Rd5+ 23. Kc1 Rad8 24. h4 f6 25. Re7 R5d7 26. Re4
Rd5 27. Rg1 Re5 28. Ra4 a6 29. c3 Kh6 30. hxg5+ fxg5 31. Rh1+ Kg6 32. Kc2 Re3
33. Rg1 Ne2 34. Re1 Rxg3 35. Rxe2 Rg1 36. Rb4 b6 37. Re6+ Kh5 38. Rxc6 Rg2+ 39.
Kb3 Rdd2 40. Ka3 Rd7 41. Rf6 g4 42. Rf5+ Kh4 43. Rbf4 Rdd2 44. Rb4 Rdf2 45. Re5
Rf7 46. Re6 Rh7 47. Re1 Kg3 48. Re3+ Kh2 49. Rbe4 Rg3 50. Re2+ Kh3 51. Re1 Kh2
52. R1e2+ Rg2 53. Rxg2+ Kxg2 54. Rxg4+ 1/2-1/2

[Event "Tournoi Skype 023B"]
[Site "Skype"]
[Date "????.??.??"]
[Round "7.16"]
[White "Luna Perez Vico, Lorenzo"]
[Black "Douichi, Mohammed"]
[Result "1/2-1/2"]
[WhiteElo "1488"]
[BlackElo "1245"]
[PlyCount "79"]

1. e4 e5 2. Nf3 d6 3. d4 exd4 4. Nxd4 Nf6 5. Nc3 Ng4 6. Nf3 Be7 7. Nd5 O-O 8.
Bd3 c6 9. Nxe7+ Qxe7 10. O-O Nd7 11. c3 Nc5 12. Bc2 Be6 13. Re1 Rad8 14. Bg5 f6
15. Bf4 Ne5 16. Nd4 Bg4 17. f3 Bc8 18. Nf5 Bxf5 19. exf5 d5 20. b4 Ncd7 21. a4
a5 22. Qd4 b6 23. b5 c5 24. Qxd5+ Qf7 25. Qxf7+ Nxf7 26. Bb3 Nde5 27. Bxe5 fxe5
28. Rxe5 Rd3 29. Rc1 h6 30. Bc4 Rd6 31. Rd5 Rfd8 32. Rcd1 Rxd5 33. Rxd5 Re8 34.
Kf2 Kf8 35. Rd7 Ne5 36. Bf7 Nxf7 37. Rb7 Ne5 38. Rxb6 Nd3+ 39. Kg3 Kf7 40. Ra6
1/2-1/2

[Event "Tournoi Skype 023B"]
[Site "Skype"]
[Date "????.??.??"]
[Round "7.17"]
[White "Cayo, Ana Carolina"]
[Black "Lecluyse, Koenraad"]
[Result "1-0"]
[WhiteElo "1449"]
[BlackElo "1224"]
[PlyCount "31"]

1. d4 d5 2. Nf3 Nc6 3. Bf4 e6 4. e3 Bd6 5. Bg3 Nf6 6. Nbd2 O-O 7. Bd3 Bxg3 8.
hxg3 Re8 9. Ne5 Na5 10. Qf3 b6 11. g4 h6 12. Qh3 Nh7 13. Qh5 Qf6 14. Ndf3 Ng5
15. Nxg5 Qxg5 16. Qxf7+ 1-0

[Event "Tournoi Skype 023B"]
[Site "Skype"]
[Date "????.??.??"]
[Round "7.19"]
[White "Torres, Vicky"]
[Black "Gerbaux, Regis"]
[Result "1-0"]
[WhiteElo "1265"]
[BlackElo "1357"]
[PlyCount "85"]

1. e4 d5 2. exd5 Nf6 3. d4 Nxd5 4. Nf3 Bg4 5. Be2 e6 6. O-O Bd6 7. c4 Nf6 8.
Nc3 Nbd7 9. h3 Bh5 10. Nb5 O-O 11. Nxd6 cxd6 12. Bf4 Qb6 13. b3 Rac8 14. Qd3
Bg6 15. Qe3 Rfe8 16. Bg5 e5 17. d5 Nh5 18. Qxb6 Nxb6 19. Nh4 f6 20. Be3 Nf4 21.
Bf3 Bh5 22. Bxh5 Nxh5 23. Nf5 Rcd8 24. a4 e4 25. a5 Nc8 26. g4 g6 27. Nd4 Ng7
28. Nb5 f5 29. Nxa7 Nxa7 30. Bxa7 fxg4 31. hxg4 Re5 32. Bb6 Rf8 33. Bc7 Rg5 34.
Kh2 Ne8 35. Bb6 Rf3 36. Be3 Rxg4 37. Rg1 Nf6 38. Rg3 Rh4+ 39. Kg2 Rf5 40. Rh1
Rxh1 41. Kxh1 Nh5 42. Rg4 Rf3 43. Rxe4 1-0

[Event "Tournoi Skype 023B"]
[Site "Skype"]
[Date "????.??.??"]
[Round "7.20"]
[White "Yanez, Leticia Jorgelina"]
[Black "Le Bouill, Pierre"]
[Result "0-1"]
[WhiteElo "1328"]
[BlackElo "1165"]
[PlyCount "70"]

1. e4 d6 2. d4 Nf6 3. Bd3 g6 4. Nf3 Bg7 5. Bg5 b6 6. Nbd2 Bb7 7. O-O O-O 8.
Bxf6 Bxf6 9. e5 dxe5 10. dxe5 Bg7 11. Be4 Bxe4 12. Nxe4 Nc6 13. Qxd8 Raxd8 14.
e6 fxe6 15. c3 Ne5 16. Neg5 Rd6 17. Nxe5 Bxe5 18. Rfe1 Rf5 19. h4 h6 20. Nf3
Bg7 21. Re3 e5 22. g4 Rf7 23. Nxe5 Bxe5 24. Rxe5 Rd2 25. Rf1 Rxb2 26. Re6 Kg7
27. Rc6 e5 28. Re6 Rxa2 29. Rxe5 Rc2 30. Re3 Rf4 31. Re7+ Rf7 32. Rxf7+ Kxf7
33. Ra1 a5 34. Ra3 Kf6 35. Kg2 Re2 0-1

[Event "Tournoi Skype 023B"]
[Site "Skype"]
[Date "????.??.??"]
[Round "7.21"]
[White "Hernandez Lopez, Joaquin"]
[Black "Hargez, Dany"]
[Result "1-0"]
[WhiteElo "1251"]
[BlackElo "1282"]
[PlyCount "49"]

1. e4 e5 2. Nf3 Nf6 3. Bc4 d5 4. exd5 Bd6 5. Bb3 O-O 6. O-O e4 7. Nd4 Bg4 8. f3
Bf5 9. Nxf5 Qd7 10. Nxd6 Qxd6 11. Nc3 Nbd7 12. Nxe4 Nxe4 13. fxe4 Ne5 14. d4
Ng6 15. e5 Qd8 16. Qh5 Nh8 17. Bg5 g6 18. Bxd8 gxh5 19. Bxc7 Ng6 20. Rf6 Kh8
21. Raf1 Rg8 22. Rxf7 Nh4 23. g3 Rg7 24. Rxg7 Kxg7 25. gxh4 1-0

[Event "Tournoi Skype 023B"]
[Site "Skype"]
[Date "????.??.??"]
[Round "7.22"]
[White "Khabou, Taha"]
[Black "Yilmazer, Seher"]
[Result "1-0"]
[WhiteElo "1274"]
[BlackElo "1148"]
[PlyCount "107"]

1. d4 Nf6 2. c4 e6 3. Bg5 Bd6 4. Nc3 h6 5. Bh4 O-O 6. Nf3 Nc6 7. Ne4 Nxe4 8.
Bxd8 Bb4+ 9. Nd2 Bxd2+ 10. Qxd2 Nxd2 11. Bxc7 Nxc4 12. b3 Nxd4 13. bxc4 Nc2+
14. Kd2 Nxa1 15. e4 d5 16. cxd5 exd5 17. exd5 Bf5 18. Bd3 Rac8 19. d6 Be6 20.
Rxa1 Rfe8 21. Bb5 Rf8 22. Rc1 a6 23. d7 Bxd7 24. Bxd7 Ra8 25. a4 b5 26. axb5
axb5 27. Bxb5 Ra2+ 28. Ke3 f5 29. Bc4+ Kh8 30. Bxa2 Kh7 31. f4 Re8+ 32. Kf3 g5
33. fxg5 hxg5 34. Bb6 g4+ 35. Kg3 Kg6 36. Bd4 Re4 37. Ba1 Kg5 38. h4+ gxh3 39.
gxh3 f4+ 40. Kf3 Re3+ 41. Kg2 Rg3+ 42. Kh2 Rf3 43. Rg1+ Kf5 44. Bd5 Rf2+ 45.
Rg2 Rf1 46. Rg1 Rf2+ 47. Rg2 Rd2 48. Bc6 Rd3 49. h4 f3 50. Bxf3 Rxf3 51. h5 Ra3
52. Bg7 Ra4 53. Kh3 Rf4 54. h6 1-0

[Event "Tournoi Skype 023B"]
[Site "Skype"]
[Date "????.??.??"]
[Round "7.23"]
[White "Scata, Laura"]
[Black "Cengiz, Ali Ekber"]
[Result "1-0"]
[WhiteElo "1106"]
[BlackElo "1227"]
[PlyCount "59"]

1. e4 e5 2. Nf3 d6 3. Bc4 h6 4. c3 Nf6 5. d3 c6 6. O-O Be6 7. Qb3 d5 8. Qxb7
Nbd7 9. exd5 cxd5 10. Bb3 Nc5 11. Qb5+ Bd7 12. Qb4 a5 13. Qh4 Be7 14. Nxe5 Nfe4
15. Qf4 Be6 16. dxe4 Bg5 17. Qf3 dxe4 18. Qd1 Qc7 19. Bxg5 hxg5 20. Bxe6 fxe6
21. Qg4 Qxe5 22. g3 Ke7 23. Re1 Raf8 24. Nd2 Qd5 25. Nxe4 Nxe4 26. Rxe4 Rf6 27.
c4 Qd2 28. Qe2 Qxe2 29. Rxe2 Rfh6 30. f3 1-0

[Event "Tournoi Skype 023B"]
[Site "Skype"]
[Date "????.??.??"]
[Round "7.24"]
[White "Codina, Teresa"]
[Black "Sanchez Padilla, Armando Edilber"]
[Result "0-1"]
[WhiteElo "1287"]
[BlackElo "1287"]
[PlyCount "56"]

1. e4 e5 2. Nf3 Nf6 3. Nxe5 Nxe4 4. d4 d6 5. Nf3 Be7 6. Bd3 Bf5 7. O-O O-O 8.
Qe2 d5 9. Nbd2 Nd6 10. Nb3 b6 11. Bd2 Nc6 12. Rfe1 Re8 13. Qf1 Bg5 14. Bxg5 Qd7
15. Rad1 Re6 16. Bxf5 Nxf5 17. c4 Nb4 18. cxd5 Qxd5 19. Nc1 Rae8 20. Nd3 Nxd3
21. Rxe6 Rxe6 22. Rxd3 Rg6 23. Qc1 c6 24. a4 h6 25. Bf4 Nh4 26. Bg3 Nf5 27. Qf4
Qc4 28. Qxf5 Qc1+ 0-1

[Event "Tournoi Skype 023B"]
[Site "Skype"]
[Date "????.??.??"]
[Round "7.25"]
[White "Maccaferri, Massimo"]
[Black "Bacha, Mehdi"]
[Result "1-0"]
[WhiteElo "1259"]
[BlackElo "1142"]
[PlyCount "56"]

1. b3 d5 2. Ba3 Nc6 3. e3 e6 4. Bxf8 Kxf8 5. Nc3 Nf6 6. Be2 e5 7. g4 a6 8. g5
d4 9. gxf6 dxc3 10. fxg7+ Kxg7 11. dxc3 Bf5 12. Bd3 Bxd3 13. cxd3 Qd5 14. Nf3
Rhd8 15. d4 Qe4 16. Rg1+ Kf8 17. Ng5 Qh4 18. Qf3 Rd7 19. O-O-O h6 20. Ne6+ Ke7
21. d5 e4 22. Qf4 Qxf4 23. exf4 fxe6 24. dxc6 Rxd1+ 25. Rxd1 bxc6 26. Re1 Rg8
27. Rxe4 Rg1+ 28. Kd2 Rg2 1-0

[Event "Tournoi Skype 023B"]
[Site "Skype"]
[Date "????.??.??"]
[Round "7.26"]
[White "Farfallini, Michel"]
[Black "Swanepoel, Karel"]
[Result "1/2-1/2"]
[WhiteElo "1223"]
[BlackElo "1000"]
[PlyCount "73"]

1. e4 e5 2. Nf3 Nc6 3. Bb5 a6 4. Bxc6 dxc6 5. O-O Nf6 6. Nxe5 Nxe4 7. Re1 Bf5
8. d3 Be7 9. dxe4 Bg6 10. Bf4 Qxd1 11. Rxd1 Bxe4 12. Rd2 O-O 13. Nc3 h6 14.
Nxe4 Bb4 15. c3 Ba5 16. Rad1 Rfe8 17. Rd7 Rad8 18. Rxd8 Rf8 19. Rxf8+ Kxf8 20.
b4 Bb6 21. Nd7+ Ke7 22. Nxb6 cxb6 23. Bc7 b5 24. Rd8 f5 25. Nc5 g5 26. Nxb7 h5
27. Rh8 h4 28. Bd8+ Kf7 29. Bxg5 Kg6 30. Bxh4 f4 31. Rc8 Kh5 32. g3 Kg6 33.
Rxc6+ Kh5 34. f3 fxg3 35. hxg3 a5 36. bxa5 b4 37. cxb4 1/2-1/2

[Event "Tournoi Skype 023B"]
[Site "Skype"]
[Date "????.??.??"]
[Round "7.27"]
[White "Alverson, Ginny"]
[Black "Schnell, Nicolas"]
[Result "1-0"]
[WhiteElo "1190"]
[BlackElo "1000"]
[PlyCount "71"]

1. Nf3 Nc6 2. d4 g6 3. e3 d5 4. Nbd2 Bg7 5. c4 Nf6 6. Bd3 e5 7. Nxe5 Bg4 8.
Nxg4 O-O 9. O-O Nh5 10. f4 Re8 11. Qf3 Re6 12. cxd5 Ne5 13. fxe5 Re7 14. Nf6+
Nxf6 15. exf6 Bh6 16. fxe7 Qxe7 17. Ne4 Qh4 18. Nf6+ Kg7 19. Ng4 Bg5 20. Ne5
Be7 21. Qxf7+ Kh8 22. Nxg6+ hxg6 23. Bxg6 Bd6 24. g3 Qh3 25. Rf2 Rf8 26. Qh7+
Qxh7 27. Bxh7 Kxh7 28. Rxf8 Bxf8 29. e4 Bh6 30. Bxh6 Kxh6 31. Rf1 Kh5 32. Rf5+
Kg4 33. Rf4+ Kh3 34. e5 c6 35. d6 b6 36. Rh4# 1-0

[Event "Tournoi Skype 023B"]
[Site "Skype"]
[Date "????.??.??"]
[Round "7.29"]
[White "Ruiz Gomez, Luz Alba"]
[Black "Schuh, David"]
[Result "1-0"]
[WhiteElo "1235"]
[BlackElo "1000"]
[PlyCount "67"]

1. d4 d5 2. Nf3 e6 3. Bf4 Nf6 4. e3 Bd6 5. Bg3 O-O 6. c3 Nc6 7. Bd3 b5 8. Nbd2
Bxg3 9. hxg3 h6 10. O-O Ng4 11. Bxb5 Qd7 12. Qc2 a6 13. Ba4 a5 14. Nb3 Ba6 15.
Nc5 Qd6 16. Rfe1 Rfe8 17. e4 dxe4 18. Qxe4 Red8 19. Bxc6 Nf6 20. Qc2 Qxc6 21.
Ne5 Qd6 22. Rad1 Bb5 23. Nb7 Qd5 24. Nxd8 Rxd8 25. a4 c5 26. axb5 cxd4 27. cxd4
Qxb5 28. Qc7 Rd5 29. Qxf7+ Kh8 30. Ng6+ Kh7 31. Rxe6 Rf5 32. Ne7 Qxb2 33. Rf1
Ng4 34. Qg8# 1-0

[Event "Tournoi Skype 023B"]
[Site "Skype"]
[Date "????.??.??"]
[Round "7.31"]
[White "Porcabeuf, Jean-Marc"]
[Black "Farthouat, Catherine"]
[Result "1-0"]
[WhiteElo "1177"]
[BlackElo "1129"]
[PlyCount "29"]

1. d4 d5 2. Nf3 Nc6 3. c3 e6 4. e3 Nf6 5. Bd3 Be7 6. O-O O-O 7. Re1 Bd7 8. Nbd2
Rc8 9. e4 Re8 10. e5 Nh5 11. Nf1 Na5 12. b3 b5 13. Bc2 a6 14. Qd3 g6 15. Ne3
1-0